| 000 | 00410pab a2200157 454500 | ||
|---|---|---|---|
| 008 | 180718b1995 xxu||||| |||| 00| 0 eng d | ||
| 100 | _aTordoff, Willam | ||
| 245 | _aLocal government in Kyrghyzstan | ||
| 260 | _c1995 | ||
| 300 | _ap.495-505 | ||
| 362 | _aDec | ||
| 650 | _aLocal government - Kyrghyzstan | ||
| 650 | _aLocal government | ||
| 773 | _aPublic Administration and Development | ||
| 909 | _a30215 | ||
| 999 |
_c30215 _d30215 |
||